[Event "Oberliga Ost B 2018 2019"]
[Site "?"]
[Date "2019.03.23"]
[Round "8.6"]
[White "Goll, Christof"]
[Black "Seifert, Christopher"]
[Result "1/2-1/2"]
[WhiteElo "2073"]
[BlackElo "2323"]
[PlyCount "80"]
[EventDate "2018.10.21"]
[EventType "team-tourn"]
[EventCountry "GER"]
[WhiteTeam "Frankfurt SC Koenig Nied"]
[BlackTeam "Neuberg SF"]
[WhiteTeamCountry "GER"]
[BlackTeamCountry "GER"]

1. d4 Nf6 2. Bf4 d6 3. e3 g6 4. h3 Bg7 5. Nf3 O-O 6. Be2 c5 7. c3 Nbd7 8. Nbd2
a6 9. a4 b6 10. O-O Bb7 11. Qb1 Rc8 12. Rc1 Qc7 13. Bh2 e5 14. Nc4 Be4 15. Qa2
Rfe8 16. dxe5 dxe5 17. Rd1 Bd5 18. e4 Be6 19. Qb1 Bxc4 20. Bxc4 Qb7 21. Qa2 Re7
22. Bd5 Nxd5 23. exd5 Bf6 24. Nd2 e4 25. Re1 Be5 26. Bxe5 Rxe5 27. Rxe4 Qxd5
28. Qxd5 Rxd5 29. Nf3 Nf6 30. Re7 Re8 31. Rxe8+ Nxe8 32. Kf1 Nd6 33. Ke2 Nc4
34. Rb1 f6 35. b3 Nd6 36. c4 Rf5 37. Rd1 Nf7 38. Rd7 Ne5 39. Nxe5 Rxe5+ 40. Kd2
Re6 1/2-1/2

[Event "Oberliga Ost B 2018 2019"]
[Site "?"]
[Date "2019.03.23"]
[Round "8.7"]
[White "Overbeck, Thorsten"]
[Black "Graebner, Walter"]
[Result "1/2-1/2"]
[WhiteElo "2302"]
[BlackElo "2027"]
[PlyCount "84"]
[EventDate "2018.10.21"]
[EventType "team-tourn"]
[EventCountry "GER"]
[WhiteTeam "Neuberg SF"]
[BlackTeam "Frankfurt SC Koenig Nied"]
[WhiteTeamCountry "GER"]
[BlackTeamCountry "GER"]

1. d4 d5 2. Nf3 Nf6 3. c4 c6 4. e3 e6 5. Bd3 Bd6 6. b3 O-O 7. O-O Nbd7 8. Bb2
Qc7 9. Nbd2 Re8 10. Ng5 Bxh2+ 11. Kh1 h6 12. Nh3 Bd6 13. c5 Be7 14. f4 h5 15.
Nf3 Ng4 16. Ne5 f5 17. Qe2 Ndxe5 18. fxe5 g6 19. Bc3 Kg7 20. Be1 Rh8 21. Bg3
Bd7 22. Bf4 Raf8 23. Bg5 Bxg5 24. Nxg5 Qd8 25. Nh3 g5 26. Kg1 h4 27. Rae1 Bc8
28. Qd1 Nh6 29. b4 a6 30. a4 g4 31. Nf4 Nf7 32. Kf2 Ng5 33. Rh1 Kf7 34. Ref1
Rfg8 35. Ke1 h3 36. g3 Nf3+ 37. Kf2 Rg7 38. Be2 Ng5 39. Bd3 Rgh7 40. a5 Nf3 41.
Be2 Ng5 42. Bd3 Nf3 1/2-1/2

[Event "Oberliga Ost B 2018 2019"]
[Site "?"]
[Date "2019.03.23"]
[Round "8.8"]
[White "Lemonidis, Christos"]
[Black "Schaffer, Hendrik"]
[Result "0-1"]
[WhiteElo "1793"]
[BlackElo "2281"]
[PlyCount "58"]
[EventDate "2018.10.21"]
[EventType "team-tourn"]
[EventCountry "GER"]
[WhiteTeam "Frankfurt SC Koenig Nied"]
[BlackTeam "Neuberg SF"]
[WhiteTeamCountry "GER"]
[BlackTeamCountry "GER"]

1. e4 c5 2. d3 e6 3. g3 Nc6 4. Bg2 d5 5. Nd2 Nf6 6. Ngf3 Be7 7. O-O O-O 8. e5
Nd7 9. Re1 Qc7 10. Qe2 b5 11. h4 Ba6 12. c3 Rab8 13. Nf1 c4 14. d4 b4 15. N1h2
bxc3 16. bxc3 Qa5 17. Qc2 Bb5 18. Ng5 g6 19. Re3 Ba4 20. Qe2 h6 21. Qg4 hxg5
22. hxg5 Kg7 23. Rf3 Bd1 24. Bh3 Bxf3 25. Qxf3 Rb3 26. Ng4 Qxc3 27. Qf4 Qxa1
28. Nf6 Rc3 29. Qh4 Rxc1+ 0-1

[Event "Oberliga Ost B 2018 2019"]
[Site "?"]
[Date "2019.03.23"]
[Round "8.1"]
[White "Braun, Vitali"]
[Black "Kuznecovs, Nikita"]
[Result "1/2-1/2"]
[WhiteElo "2384"]
[BlackElo "2285"]
[PlyCount "133"]
[EventDate "2018.10.21"]
[EventType "team-tourn"]
[EventCountry "GER"]
[WhiteTeam "Griesheim SV II"]
[BlackTeam "Stadtilm SG BW"]
[WhiteTeamCountry "GER"]
[BlackTeamCountry "GER"]

1. e4 e6 2. d4 d5 3. Nd2 Be7 4. Ngf3 Nf6 5. e5 Nfd7 6. Bd3 c5 7. c3 Nc6 8. O-O
g5 9. dxc5 g4 10. Nd4 Ndxe5 11. Bb5 Bd7 12. N2b3 h5 13. Qe2 a6 14. Ba4 Ng6 15.
Bxc6 bxc6 16. f4 gxf3 17. Qxf3 Rh7 18. Bd2 a5 19. a4 Rb8 20. Ra3 Qc7 21. Kh1
Kf8 22. Qe2 Kg8 23. c4 dxc4 24. Qxc4 e5 25. Nf5 Be6 26. Qc2 Qb7 27. Nxa5 Qxb2
28. Nxe7+ Nxe7 29. Rg3+ Rg7 30. Rxg7+ Kxg7 31. Qxb2 Rxb2 32. Bg5 Ng6 33. Bf6+
Kh7 34. Kg1 Bd5 35. Rf2 Rb1+ 36. Rf1 Rb4 37. Rf5 Nf4 38. Bxe5 Nd3 39. h3 Rxa4
40. Nb7 Ra2 41. Rxh5+ Kg6 42. g4 Rg2+ 43. Kf1 Rf2+ 44. Kg1 Re2 45. Bd6 Re1+ 46.
Kh2 f6 47. Rxd5 cxd5 48. c6 Rc1 49. c7 Rc6 50. Kg3 Ne5 51. h4 Nf7 52. h5+ Kh7
53. Bf4 Rc3+ 54. Kg2 Nh6 55. Bd6 Rc6 56. Kg3 Nf7 57. Bf4 Rc3+ 58. Kg2 Ne5 59.
g5 Rxc7 60. Nd6 Rc2+ 61. Kg3 Rc3+ 62. Kg2 Rc2+ 63. Kg3 fxg5 64. Bxe5 Kh6 65.
Kg4 Rg2+ 66. Bg3 Rxg3+ 67. Kxg3 1/2-1/2

[Event "Oberliga Ost B 2018 2019"]
[Site "?"]
[Date "2019.03.23"]
[Round "8.2"]
[White "Siebarth, Raiko"]
[Black "Nothnagel, Holger"]
[Result "1/2-1/2"]
[WhiteElo "2265"]
[BlackElo "2305"]
[PlyCount "108"]
[EventDate "2018.10.21"]
[EventType "team-tourn"]
[EventCountry "GER"]
[WhiteTeam "Stadtilm SG BW"]
[BlackTeam "Griesheim SV II"]
[WhiteTeamCountry "GER"]
[BlackTeamCountry "GER"]

1. e4 e6 2. d4 d5 3. Nd2 c5 4. exd5 Qxd5 5. Ngf3 cxd4 6. Bc4 Qd7 7. Nb3 Nc6 8.
Nbxd4 Nxd4 9. Nxd4 a6 10. O-O Nf6 11. Re1 Qc7 12. Qe2 Bd6 13. Bg5 O-O 14. h3 b5
15. Bd3 Nd5 16. c3 Bb7 17. Rad1 Bh2+ 18. Kf1 Bf4 19. Qg4 Bxg5 20. Qxg5 Nf4 21.
Be4 h6 22. Qg3 Qc4+ 23. Kg1 Bxe4 24. Qxf4 Bd5 25. a3 Rac8 26. Re3 Qc7 27. Qh4
Qd8 28. Qh5 Qf6 29. Rg3 Rfd8 30. Re1 Bb7 31. Qe5 Qxe5 32. Rxe5 Rd5 33. Re1 e5
34. Nf5 Kf8 35. Re2 Rcd8 36. Kh2 Rd2 37. Rge3 f6 38. h4 Bc8 39. Ng3 Kf7 40.
Rxd2 Rxd2 41. Ne4 Rd5 42. b4 Rd1 43. f3 h5 44. Kg3 Be6 45. Nc5 Bc4 46. f4 exf4+
47. Kxf4 Rd2 48. g3 Ra2 49. Nxa6 Rxa3 50. Nc5 Ra1 51. Rf3 Re1 52. Re3 Rd1 53.
Rf3 Re1 54. Re3 Rd1 1/2-1/2

[Event "Oberliga Ost B 2018 2019"]
[Site "?"]
[Date "2019.03.23"]
[Round "8.3"]
[White "Flach, Erich"]
[Black "Schneider, Christian"]
[Result "1/2-1/2"]
[WhiteElo "2078"]
[BlackElo "2187"]
[PlyCount "58"]
[EventDate "2018.10.21"]
[EventType "team-tourn"]
[EventCountry "GER"]
[WhiteTeam "Griesheim SV II"]
[BlackTeam "Stadtilm SG BW"]
[WhiteTeamCountry "GER"]
[BlackTeamCountry "GER"]

1. c4 e6 2. Nc3 d5 3. d4 Nf6 4. Bg5 Be7 5. cxd5 exd5 6. e3 O-O 7. Bd3 Nbd7 8.
Qc2 c6 9. Nge2 Re8 10. O-O h6 11. Bh4 Ne4 12. Bxe7 Qxe7 13. Bxe4 dxe4 14. Ng3
Nf6 15. Rfc1 h5 16. Nf1 h4 17. h3 Bf5 18. Na4 Nd5 19. a3 Qg5 20. Kh2 Re6 21.
Nd2 Rg6 22. Rg1 Re8 23. Nc3 Nxc3 24. Qxc3 Qf6 25. Raf1 Qd6+ 26. Kh1 Qd7 27. Kh2
Qd6+ 28. Kh1 Qd7 29. Kh2 Qd6+ 1/2-1/2

[Event "Oberliga Ost B 2018 2019"]
[Site "?"]
[Date "2019.03.23"]
[Round "8.4"]
[White "George, Tom"]
[Black "Schnitzspan, Lothar"]
[Result "0-1"]
[WhiteElo "2223"]
[BlackElo "2272"]
[PlyCount "70"]
[EventDate "2018.10.21"]
[EventType "team-tourn"]
[EventCountry "GER"]
[WhiteTeam "Stadtilm SG BW"]
[BlackTeam "Griesheim SV II"]
[WhiteTeamCountry "GER"]
[BlackTeamCountry "GER"]

1. e4 e5 2. Nf3 d6 3. d4 exd4 4. Nxd4 Nf6 5. Nc3 Be7 6. g3 Nc6 7. Bg2 Bg4 8.
Nxc6 bxc6 9. Qd3 O-O 10. O-O Nd7 11. h3 Ne5 12. Qe3 Nc4 13. Qd4 Be6 14. Nd5
cxd5 15. exd5 Bxh3 16. Bxh3 Nb6 17. a4 Bf6 18. Qd3 Re8 19. a5 Nd7 20. c3 Rb8
21. b4 Ne5 22. Qd1 a6 23. Rb1 Rb5 24. f4 Ng6 25. c4 Rb8 26. Bf5 Bc3 27. Bd2 Qf6
28. Bxc3 Qxc3 29. Rb3 Qxc4 30. Qd3 Rxb4 31. Rxb4 Qxb4 32. Ra1 Re1+ 33. Rxe1
Qxe1+ 34. Kg2 Qxa5 35. Qe4 Qb5 0-1

[Event "Oberliga Ost B 2018 2019"]
[Site "?"]
[Date "2019.03.23"]
[Round "8.5"]
[White "Dietz, Holger"]
[Black "Siebarth, Marco"]
[Result "1/2-1/2"]
[WhiteElo "2318"]
[BlackElo "2033"]
[PlyCount "117"]
[EventDate "2018.10.21"]
[EventType "team-tourn"]
[EventCountry "GER"]
[WhiteTeam "Griesheim SV II"]
[BlackTeam "Stadtilm SG BW"]
[WhiteTeamCountry "GER"]
[BlackTeamCountry "GER"]

1. e4 c5 2. Nf3 Nc6 3. Bb5 Na5 4. c3 a6 5. Ba4 e6 6. O-O b5 7. Bc2 d6 8. d4
cxd4 9. cxd4 Nf6 10. Bg5 Be7 11. Qd3 Bb7 12. Nbd2 h6 13. Bh4 Nc6 14. a3 Nh5 15.
Bxe7 Qxe7 16. e5 dxe5 17. dxe5 Nf4 18. Qe3 Nd5 19. Qe4 Nb6 20. Rac1 Na5 21. Qd4
Nac4 22. Ne4 Bxe4 23. Qxe4 Nd5 24. Bb3 Ncb6 25. Bc2 g6 26. h4 h5 27. Rfd1 Rc8
28. Bd3 Rxc1 29. Rxc1 Kd7 30. Ng5 Rc8 31. Rd1 Nc4 32. Qe2 Ke8 33. Be4 Nxe5 34.
Bxd5 exd5 35. Re1 f6 36. f4 fxg5 37. Qxe5 Qxe5 38. Rxe5+ Kf7 39. hxg5 Rc1+ 40.
Kh2 Rd1 41. f5 gxf5 42. Rxf5+ Kg6 43. Rf6+ Kxg5 44. Rxa6 Kf4 45. Rb6 d4 46.
Rxb5 d3 47. Rb8 d2 48. Rd8 Ke3 49. Re8+ Kd3 50. Rd8+ Kc2 51. Rc8+ Kxb2 52. Rd8
Kxa3 53. Kg3 h4+ 54. Kf2 Kb4 55. Ke3 h3 56. gxh3 Rh1 57. Rd4+ Kc3 58. Rd3+ Kc4
59. Rxd2 1/2-1/2

[Event "Oberliga Ost B 2018 2019"]
[Site "?"]
[Date "2019.03.23"]
[Round "8.6"]
[White "Mehlhorn, Uwe"]
[Black "Nothnagel, Markus"]
[Result "1/2-1/2"]
[WhiteElo "2075"]
[BlackElo "2223"]
[PlyCount "89"]
[EventDate "2018.10.21"]
[EventType "team-tourn"]
[EventCountry "GER"]
[WhiteTeam "Stadtilm SG BW"]
[BlackTeam "Griesheim SV II"]
[WhiteTeamCountry "GER"]
[BlackTeamCountry "GER"]

1. d4 d5 2. Nf3 c6 3. e3 Bg4 4. Nbd2 Nd7 5. h3 Bh5 6. Be2 e6 7. O-O Bd6 8. b3
f5 9. Bb2 Ngf6 10. Ne5 Bxe2 11. Qxe2 O-O 12. c4 Qe7 13. a4 Ne4 14. Nxe4 fxe4
15. Kh1 Rf5 16. Nxd7 Qxd7 17. Ba3 Bxa3 18. Rxa3 Qe7 19. Ra2 Raf8 20. Qg4 Qb4
21. Qe2 Qxb3 22. cxd5 Qxd5 23. Rc2 e5 24. Rc5 Qe6 25. Kg1 exd4 26. exd4 Rd8 27.
Qc4 Qxc4 28. Rxc4 Rfd5 29. Rb1 Rxd4 30. Rxd4 Rxd4 31. Rxb7 Rxa4 32. Kf1 a5 33.
Ke2 Rc4 34. Ke3 h6 35. Ra7 a4 36. h4 h5 37. Kf4 e3+ 38. Kxe3 Rxh4 39. Ra6 Rc4
40. Kd3 Rg4 41. g3 h4 42. gxh4 Rxh4 43. Rxc6 a3 44. Ra6 Rh3+ 45. Ke4 1/2-1/2

[Event "Oberliga Ost B 2018 2019"]
[Site "?"]
[Date "2019.03.23"]
[Round "8.7"]
[White "Hahn, Werner"]
[Black "Neubauer, Andreas"]
[Result "1-0"]
[WhiteElo "2163"]
[BlackElo "2189"]
[PlyCount "101"]
[EventDate "2018.10.21"]
[EventType "team-tourn"]
[EventCountry "GER"]
[WhiteTeam "Griesheim SV II"]
[BlackTeam "Stadtilm SG BW"]
[WhiteTeamCountry "GER"]
[BlackTeamCountry "GER"]

1. d4 Nf6 2. Nf3 g6 3. c4 Bg7 4. Nc3 O-O 5. e4 d6 6. Be2 e5 7. O-O Nbd7 8. Be3
Ng4 9. Bg5 f6 10. Bc1 a5 11. dxe5 dxe5 12. Ng5 fxg5 13. Bxg4 h6 14. Qd5+ Kh7
15. Bxd7 Qxd7 16. Be3 Ra6 17. Rad1 Qe8 18. b3 Rf7 19. Qd8 Qxd8 20. Rxd8 Be6 21.
Rb8 b6 22. a4 Bf8 23. Rd1 Kg7 24. Rdd8 Be7 25. Re8 Kf6 26. Kf1 Bb4 27. Nd5+
Bxd5 28. exd5 Bd6 29. Bxb6 Kf5 30. Be3 c6 31. Rbd8 cxd5 32. cxd5 Bb4 33. f3 g4
34. Ke2 gxf3+ 35. Kxf3 h5 36. h3 h4 37. Rh8 Rc7 38. Rxh4 Be7 39. g4+ Kf6 40.
Rb8 Kg7 41. g5 Bf8 42. Rc4 Rd7 43. Ke4 Bd6 44. Rbc8 Kf7 45. R4c6 Rxc6 46. dxc6
Re7 47. Kd5 Bb4 48. Rb8 e4 49. Rb7 Ke8 50. Rxe7+ Kxe7 51. Bf4 1-0

[Event "Oberliga Ost B 2018 2019"]
[Site "?"]
[Date "2019.03.23"]
[Round "8.1"]
[White "Strache, Michael"]
[Black "Henrich, Thomas"]
[Result "1-0"]
[WhiteElo "2270"]
[BlackElo "2164"]
[PlyCount "75"]
[EventDate "2018.10.21"]
[EventType "team-tourn"]
[EventCountry "GER"]
[WhiteTeam "Sangerhausen SV"]
[BlackTeam "Marburg SK"]
[WhiteTeamCountry "GER"]
[BlackTeamCountry "GER"]

1. c4 e6 2. g3 d5 3. Bg2 c6 4. Qc2 Nf6 5. Nf3 Be7 6. O-O Nbd7 7. d4 O-O 8. Rd1
Ne4 9. Nbd2 Ndf6 10. Ne5 Nd6 11. b3 Bd7 12. Bb2 Rc8 13. Rac1 b6 14. Qd3 Rc7 15.
c5 bxc5 16. dxc5 Nb7 17. b4 Qb8 18. Nb3 Be8 19. Qd4 a5 20. bxa5 Qa7 21. Qc3 Bd7
22. Rd4 Ra8 23. Ra4 Qa6 24. Bf1 Bf8 25. e3 Qa7 26. Bd3 Nd8 27. Rh4 h6 28. Rxh6
gxh6 29. Nxd7 Rxd7 30. Qxf6 d4 31. Bxd4 Rxd4 32. Qxd4 Bg7 33. Qe4 f5 34. Qc4
Kh8 35. e4 Nf7 36. exf5 Ne5 37. Qe4 Qd7 38. Rd1 1-0

[Event "Oberliga Ost B 2018 2019"]
[Site "?"]
[Date "2019.03.23"]
[Round "8.2"]
[White "Dorst, Johannes"]
[Black "Engelmann, Jakob"]
[Result "1-0"]
[WhiteElo "2210"]
[BlackElo "2269"]
[PlyCount "79"]
[EventDate "2018.10.21"]
[EventType "team-tourn"]
[EventCountry "GER"]
[WhiteTeam "Marburg SK"]
[BlackTeam "Sangerhausen SV"]
[WhiteTeamCountry "GER"]
[BlackTeamCountry "GER"]

1. e4 c6 2. Nc3 d5 3. Nf3 Bg4 4. h3 Bh5 5. exd5 cxd5 6. Bb5+ Nc6 7. g4 Bg6 8.
Ne5 Rc8 9. d4 e6 10. Qe2 Nge7 11. h4 h5 12. Bg5 Bh7 13. Qf3 Bg8 14. Bxe7 Bxe7
15. gxh5 a6 16. Bxc6+ bxc6 17. Qg4 Bf6 18. O-O-O Bh7 19. Rde1 Qc7 20. Qf4 Bf5
21. Qf3 Rb8 22. b3 Rb4 23. Qf4 Rxh5 24. a3 Rb7 25. Na4 Be7 26. b4 a5 27. Nc5
Ra7 28. Qg3 Rh7 29. Nxc6 Bd6 30. Qf3 Qxc6 31. Qxf5 g6 32. Qd3 axb4 33. axb4 Ke7
34. Qe3 Bxc5 35. dxc5 Ra4 36. Qd4 Qb5 37. Qxd5 Qxb4 38. Qb3 Qf4+ 39. Qe3 Rxh4
40. Rxh4 1-0

[Event "Oberliga Ost B 2018 2019"]
[Site "?"]
[Date "2019.03.23"]
[Round "8.3"]
[White "Heyder, Florian"]
[Black "Alber, Horst"]
[Result "1/2-1/2"]
[WhiteElo "2216"]
[BlackElo "2285"]
[PlyCount "135"]
[EventDate "2018.10.21"]
[EventType "team-tourn"]
[EventCountry "GER"]
[WhiteTeam "Sangerhausen SV"]
[BlackTeam "Marburg SK"]
[WhiteTeamCountry "GER"]
[BlackTeamCountry "GER"]

1. e4 g6 2. d4 Bg7 3. Nc3 d6 4. f4 Nc6 5. Nf3 Bg4 6. Be3 Bxf3 7. gxf3 e6 8. Qd2
Nf6 9. O-O-O d5 10. Kb1 O-O 11. h4 Nh5 12. Ne2 f5 13. e5 b6 14. Rh3 Bh6 15. Ng3
Kh8 16. Ba6 Rb8 17. c4 Ne7 18. Rc1 c6 19. c5 Rg8 20. Bd3 Nc8 21. Ne2 Qd7 22.
Rhh1 Bf8 23. Ka1 Be7 24. Rc2 Rd8 25. Bf2 Bf8 26. Rb1 bxc5 27. dxc5 Bh6 28. Bd4
a5 29. Rc3 Rb4 30. Qe3 Na7 31. Ra3 Nb5 32. Bxb5 Rxb5 33. Qd2 Qc7 34. Be3 Rb4
35. Nd4 Re8 36. Rb3 Rxb3 37. Nxb3 Ra8 38. Nd4 Qd7 39. Rc1 Bf8 40. Rc3 a4 41.
Rc1 Be7 42. Bf2 Kg8 43. Rc2 Kf7 44. Kb1 Qc8 45. Ne2 Qa6 46. Qb4 Bd8 47. Be1 Ke7
48. Kc1 Bc7 49. Qd4 Qb5 50. Qg1 Kd7 51. Qg5 Qd3 52. Qg2 Bd8 53. Rc3 Qa6 54. Rc2
Rb8 55. Qf2 Be7 56. Qd4 Qb5 57. Qc3 Qa6 58. Qd4 Rb5 59. Kd1 Qb7 60. Nc1 Qa7 61.
Nd3 Bd8 62. Ke2 Kc7 63. Kd1 Be7 64. Bf2 Qa5 65. Be1 Qa7 66. Ke2 Qa6 67. Kd1 Qa7
68. Bf2 1/2-1/2

[Event "Oberliga Ost B 2018 2019"]
[Site "?"]
[Date "2019.03.23"]
[Round "8.4"]
[White "Rolle, Eric"]
[Black "Hillmann, Michael"]
[Result "1/2-1/2"]
[WhiteElo "2211"]
[BlackElo "2121"]
[PlyCount "71"]
[EventDate "2018.10.21"]
[EventType "team-tourn"]
[EventCountry "GER"]
[WhiteTeam "Marburg SK"]
[BlackTeam "Sangerhausen SV"]
[WhiteTeamCountry "GER"]
[BlackTeamCountry "GER"]

1. c4 c6 2. e4 d5 3. exd5 cxd5 4. cxd5 Nf6 5. Nc3 Nxd5 6. Bc4 Nxc3 7. bxc3 Qc7
8. Qe2 Nc6 9. Nf3 e6 10. O-O Be7 11. d4 Na5 12. Bd3 Qxc3 13. Bd2 Qc7 14. Ne5
Nc6 15. Rac1 Qd6 16. Bb5 Bd7 17. Bf4 Qd5 18. Nxd7 Qxd7 19. d5 exd5 20. Rfe1 Kf8
21. Qh5 a6 22. Ba4 Bf6 23. Red1 d4 24. Qc5+ Kg8 25. Qb6 g5 26. Bxc6 bxc6 27.
Rxc6 Bd8 28. Bc7 Rc8 29. Rxd4 Qe7 30. g3 Rxc7 31. Rxd8+ Qxd8 32. Rxc7 Qd1+ 33.
Kg2 Qd5+ 34. Kg1 Qd1+ 35. Kg2 Qd5+ 36. Kg1 1/2-1/2

[Event "Oberliga Ost B 2018 2019"]
[Site "?"]
[Date "2019.03.23"]
[Round "8.5"]
[White "Hellwig, Tobias"]
[Black "Duncker, Joachim"]
[Result "1/2-1/2"]
[WhiteElo "2215"]
[BlackElo "2169"]
[PlyCount "91"]
[EventDate "2018.10.21"]
[EventType "team-tourn"]
[EventCountry "GER"]
[WhiteTeam "Sangerhausen SV"]
[BlackTeam "Marburg SK"]
[WhiteTeamCountry "GER"]
[BlackTeamCountry "GER"]

1. d4 Nf6 2. c4 g6 3. Nc3 Bg7 4. e4 d6 5. f3 O-O 6. Be3 Nc6 7. Qd2 a6 8. Nge2
Rb8 9. Nc1 e5 10. d5 Nd4 11. N1e2 Nxe2 12. Bxe2 Ne8 13. g4 Qh4+ 14. Bf2 Qh6 15.
g5 Qh3 16. Qe3 c5 17. Bf1 Qd7 18. h4 b5 19. b3 bxc4 20. Bxc4 f6 21. h5 fxg5 22.
hxg6 h6 23. O-O-O Rf6 24. Qd3 Nc7 25. Bxc5 Nb5 26. Bg1 Qc7 27. Kb2 Qa5 28. Rc1
Bd7 29. Rh2 Rbf8 30. Bxb5 axb5 31. Rf2 g4 32. Rcf1 b4 33. Ne2 Bb5 34. Qe3 Qa3+
35. Kb1 Ra8 36. Qd2 g3 37. Nxg3 Bxf1 38. Rxf1 Qa6 39. Rf2 Rxg6 40. Bh2 Qa7 41.
Nf5 Kh7 42. Re2 Qa6 43. Ne7 Rf6 44. Nf5 Rf7 45. Bg1 Rc8 46. Be3 1/2-1/2

[Event "Oberliga Ost B 2018 2019"]
[Site "?"]
[Date "2019.03.23"]
[Round "8.6"]
[White "Neidhardt, Helge"]
[Black "Richter, Dustin"]
[Result "1-0"]
[WhiteElo "2082"]
[BlackElo "2147"]
[PlyCount "111"]
[EventDate "2018.10.21"]
[EventType "team-tourn"]
[EventCountry "GER"]
[WhiteTeam "Marburg SK"]
[BlackTeam "Sangerhausen SV"]
[WhiteTeamCountry "GER"]
[BlackTeamCountry "GER"]

1. d4 Nf6 2. Nf3 g6 3. c4 Bg7 4. Nc3 d6 5. e4 O-O 6. Be2 e5 7. Be3 Na6 8. O-O
exd4 9. Nxd4 Re8 10. f3 c6 11. Nc2 Nc7 12. Qd2 d5 13. Rad1 Be6 14. cxd5 cxd5
15. e5 Nd7 16. f4 f6 17. exf6 Nxf6 18. Bf3 Ne4 19. Nxe4 dxe4 20. Qxd8 Raxd8 21.
Rxd8 Rxd8 22. Bxe4 b6 23. b3 Nb5 24. Nb4 Bd4 25. Kf2 Nc3 26. Bf3 Bc5 27. Bxc5
bxc5 28. Nc6 Rd2+ 29. Ke3 Rxa2 30. Rc1 Nb5 31. Rxc5 a6 32. b4 Ra1 33. h3 Kf8
34. Be2 Ra3+ 35. Kf2 Nd6 36. Ra5 Rxa5 37. Nxa5 Nb5 38. Bxb5 axb5 39. Nb7 Ke7
40. g4 h5 41. Nc5 Bc8 42. gxh5 gxh5 43. h4 Kd6 44. Ne4+ Kd5 45. Nf6+ Kc4 46.
Nxh5 Be6 47. Ng7 Bg8 48. Ne8 Kxb4 49. f5 Kc3 50. Nf6 Ba2 51. Ke3 b4 52. Ne4+
Kc2 53. h5 Bg8 54. f6 b3 55. h6 b2 56. Nd2 1-0

[Event "Oberliga Ost B 2018 2019"]
[Site "?"]
[Date "2019.03.23"]
[Round "8.7"]
[White "Duchrow, Oliver"]
[Black "Nekhamkis, Genadi"]
[Result "1/2-1/2"]
[WhiteElo "2100"]
[BlackElo "2133"]
[PlyCount "164"]
[EventDate "2018.10.21"]
[EventType "team-tourn"]
[EventCountry "GER"]
[WhiteTeam "Sangerhausen SV"]
[BlackTeam "Marburg SK"]
[WhiteTeamCountry "GER"]
[BlackTeamCountry "GER"]

1. e4 d5 2. exd5 Nf6 3. d4 Bg4 4. Be2 Bxe2 5. Qxe2 Qxd5 6. Nf3 e6 7. O-O Nc6 8.
c3 Qh5 9. b4 Bd6 10. Re1 O-O 11. Nbd2 Rae8 12. Nc4 Nd5 13. Nxd6 cxd6 14. c4
Ndxb4 15. Rb1 Qg6 16. Ba3 a5 17. d5 Nd8 18. Bxb4 axb4 19. Rxb4 f6 20. Qd2 Qf7
21. Reb1 Qc7 22. dxe6 Nxe6 23. Qd5 Qc6 24. Rxb7 Qxd5 25. cxd5 Nf4 26. Rd7 Rd8
27. Rbb7 Rxd7 28. Rxd7 Nxd5 29. Rxd6 Nb4 30. Kf1 Nxa2 31. Nd4 Rc8 32. f3 Nc3
33. Rd7 g6 34. g4 Na4 35. Rd6 Kf7 36. Nc6 Nc5 37. Rd5 Ne6 38. Rd7+ Kg8 39. Ne7+
Kh8 40. Nd5 Rf8 41. Re7 Nd4 42. Kf2 Kg8 43. Rd7 Ne6 44. Rd6 Kf7 45. Rd7+ Kg8
46. f4 Nc5 47. Rc7 Ne6 48. Rc6 Rd8 49. Nxf6+ Kf7 50. Ne4 Rd4 51. Ke3 Rb4 52.
Rc3 Ke7 53. Ra3 Rb7 54. f5 gxf5 55. gxf5 Nd8 56. Kf4 Rd7 57. Rh3 Kf8 58. Rh6
Ra7 59. Rf6+ Kg7 60. h4 Ra1 61. Rd6 Rf1+ 62. Kg4 Nf7 63. Rd7 h5+ 64. Kxh5 Rxf5+
65. Ng5 Rf1 66. Ra7 Rf2 67. Ne4 Rf4 68. Nd6 Rf1 69. Rb7 Rf2 70. Kg4 Rf1 71.
Nf5+ Kf6 72. Ng3 Ra1 73. Rb6+ Kg7 74. Nf5+ Kh7 75. Rb7 Kg6 76. h5+ Kf6 77. Rb6+
Ke5 78. Rb5+ Kf6 79. Ne3 Ne5+ 80. Kg3 Ra3 81. Kf2 Ra2+ 82. Kg3 Ra3 1/2-1/2

[Event "Oberliga Ost B 2018 2019"]
[Site "?"]
[Date "2019.03.23"]
[Round "8.8"]
[White "Lehmann, Stefan"]
[Black "Buerckner, Georg"]
[Result "0-1"]
[WhiteElo "2004"]
[BlackElo "2019"]
[PlyCount "102"]
[EventDate "2018.10.21"]
[EventType "team-tourn"]
[EventCountry "GER"]
[WhiteTeam "Marburg SK"]
[BlackTeam "Sangerhausen SV"]
[WhiteTeamCountry "GER"]
[BlackTeamCountry "GER"]

1. e4 e5 2. Nf3 Nc6 3. Bb5 a6 4. Ba4 Bc5 5. O-O d6 6. c3 Ba7 7. d3 Nge7 8. Be3
O-O 9. Bxa7 Rxa7 10. Nbd2 Ng6 11. g3 f5 12. Bb3+ Kh8 13. exf5 Bxf5 14. Qe2 Qf6
15. Qe3 h6 16. Bd5 Raa8 17. Be4 Bh3 18. Bxg6 Qxg6 19. Rfe1 Qf6 20. Nh4 d5 21.
Qf3 Qg5 22. Qe3 Qh5 23. Qc5 Qf7 24. Re2 Bg4 25. f3 Bh5 26. Rf2 Rad8 27. Raf1
Qe6 28. Ng2 Bg6 29. d4 b6 30. Qa3 exd4 31. Re1 Qd6 32. Qxa6 dxc3 33. bxc3 Ra8
34. Qb5 Ne5 35. Nf4 Rxf4 36. Rxe5 Qxe5 37. gxf4 Qxc3 38. Qxd5 Qa1+ 39. Nf1 Rf8
40. Qc6 Kh7 41. Qxc7 Rf6 42. Qc4 Rd6 43. Kg2 Bd3 44. Qb3 Bxf1+ 45. Rxf1 Rg6+
46. Kf2 Qd4+ 47. Ke1 Rc6 48. Qb1+ Kh8 49. Qe4 Rc1+ 50. Ke2 Qb2+ 51. Kd3 Qc2+
0-1

[Event "Oberliga Ost B 2018 2019"]
[Site "?"]
[Date "2019.03.23"]
[Round "8.1"]
[White "Konopka, Michal"]
[Black "Dubkov, Andrej"]
[Result "1/2-1/2"]
[WhiteElo "2364"]
[BlackElo "2328"]
[PlyCount "73"]
[EventDate "2018.10.21"]
[EventType "team-tourn"]
[EventCountry "GER"]
[WhiteTeam "Schoeneck SF"]
[BlackTeam "Wiesbadener SV"]
[WhiteTeamCountry "GER"]
[BlackTeamCountry "GER"]

1. Nf3 d5 2. g3 c6 3. Bg2 Bg4 4. O-O Nd7 5. d3 e5 6. h3 Bh5 7. Nbd2 Ngf6 8. e4
dxe4 9. dxe4 Bc5 10. Qe1 O-O 11. Nc4 Bxf3 12. Bxf3 a5 13. a4 Re8 14. Bd2 b6 15.
Rd1 Qc7 16. Bc3 Nf8 17. Rd3 Bd4 18. Bxd4 exd4 19. e5 N6d7 20. Rxd4 Nxe5 21.
Nxe5 Rxe5 22. Qd2 Rae8 23. Rd1 c5 24. Rd6 R5e6 25. Kg2 g6 26. h4 g5 27. Qf4
Rxd6 28. Rxd6 Re6 29. Rxe6 Nxe6 30. Qf6 Qd7 31. b3 Qd4 32. Qe7 c4 33. Qb7 cxb3
34. cxb3 Qf6 35. Bd5 Nc5 36. Qc8+ Kg7 37. Qe8 1/2-1/2

[Event "Oberliga Ost B 2018 2019"]
[Site "?"]
[Date "2019.03.23"]
[Round "8.2"]
[White "Geske, Julian"]
[Black "Heinatz, Thomas"]
[Result "1/2-1/2"]
[WhiteElo "2383"]
[BlackElo "2302"]
[PlyCount "70"]
[EventDate "2018.10.21"]
[EventType "team-tourn"]
[EventCountry "GER"]
[WhiteTeam "Wiesbadener SV"]
[BlackTeam "Schoeneck SF"]
[WhiteTeamCountry "GER"]
[BlackTeamCountry "GER"]

1. d4 Nf6 2. c4 g6 3. Nc3 Bg7 4. e4 d6 5. f3 O-O 6. Be3 Nbd7 7. Nge2 c5 8. d5
Ne5 9. Ng3 h5 10. Be2 h4 11. Nf1 a6 12. a4 Rb8 13. h3 Nh7 14. f4 Nd7 15. Nh2
Re8 16. O-O e6 17. Bf2 exd5 18. exd5 Ndf8 19. Bd3 f5 20. Nf3 Bf6 21. Re1 Bd7
22. Rxe8 Bxe8 23. Qe1 Qb6 24. Bxh4 Bxh4 25. Nxh4 Bd7 26. Qd2 Re8 27. Nf3 Qb4
28. Nd1 Qxd2 29. Nxd2 Bxa4 30. Rxa4 Re1+ 31. Kf2 Rxd1 32. Ke2 Rg1 33. Kf2 Rd1
34. Ke2 Rg1 35. Kf2 Rd1 1/2-1/2